LEADER 01059cam0-22003371i-450- 001 990004315010403321 005 20090409161251.0 010 $a88-7689-065-3 035 $a000431501 035 $aFED01000431501 035 $a(Aleph)000431501FED01 035 $a000431501 100 $a19990604d1991----km-y0itay50------ba 101 0 $aita 102 $aIT 105 $aaf------001yy 200 1 $aEllenismo e romanizzazione nella 10. Regio$ela scultura delle élites locali dall'età repubblicana ai Giulio-Claudi$fMario Denti 210 $aRoma$cG. Bretschneider$d1991 215 $a377 p., 102 p. di tav.$cill.$d30 cm 225 1 $aArchaeologia$x0391-9293$v97 610 0 $aScultura$aEllenismo$aRomanizzazione 676 $a733.5 700 1$aDenti,$bMario$031343 801 0$aIT$bUNINA$gRICA$2UNIMARC 901 $aBK 912 $a990004315010403321 952 $a733.5 DEN 1$bBIBL.11052$fFLFBC 952 $aCONT 66 (97)$bbibl. 11052$fFLFBC 959 $aFLFBC 996 $aEllenismo e romanizzazione nella 10. Regio$9488325 997 $aUNINA LEADER 00828nam0-22002531i-450 001 990005553710403321 005 20220520140731.0 035 $a000555371 100 $a19990530d1959----km-y0itay50------ba 101 0 $afre 105 $aaf y 001yy 200 1 $aFouilles exécutées a Mallia$eexploration des maisons et quartiers d'habitation (1948-1954)$edeuxième fascicule$fpar Jean Deshayes et André Dessenne 210 $aParis$cPaul Geuthner$d1959 215 $a169 p., 74 tav.$d29 cm 225 1 $aÉtudes crétoises$v11 700 1$aDeshayes,$bJean$0212089 702 1$aDessenne,$bAndré 801 0$aIT$bUNINA$gRICA$2UNIMARC 901 $aBK 912 $a990005553710403321 952 $a939.18 ET CRET 1 (11)$bARCH. 9923$fFLFBC 959 $aFLFBC 996 $aFouilles exècutèes a Mallia$9611843 997 $aUNINA